000 00343nam a22001457a 4500
003 OSt
005 20260423152940.0
008 260423b |||||||| |||| 00| 0 eng d
020 _a9789354516733
040 _cIIMT COLLEGE OH PHARMACY GREATER NOIDA
100 _a TIWARI, .MEGHA
245 _aPHARMACOLOGY
300 _a188
942 _2ddc
_c06
999 _c67964
_d67964